000 00548nam a2200205Ia 4500
001 b3517-25931 [4950]
003 IT-MiCISF
008 161014s9999||||xx |||||||||||||| ||und||
040 _aIT-MiCISF
_cIT-MiCISF
041 _ait
100 _aVachss Alice
245 0 _aVittime sacrificali
250 _a1a ed.
260 _a Milano
_bCorbaccio
_c1994 [Edizione originale: 1993]
300 _app. 334
500 _a / abuso-sessuale, stupro, esperienze /
650 _amaltrattamenti-violenza
942 _cBK
957 _71
999 _a25931
_bsi
_g1
_c213842
_d213842